000 00627nam a2200253Ia 4500
003 OSt
005 20221005023741.0
006 a|||||r|||| 00| 0
007 ta
008 221004b |||||||| |||| 00| 0 eng d
020 _a0253355884
024 _a31471
037 _cTextual
040 _aCRL
_cCRL
_beng
041 _2eng
_aeng
082 _aV6, N9
100 _aLegum Colin
245 0 _aAfrica since independence
260 _aBloomington
_bIndiana University Press
_c1999
300 _a105p.
_ccm.
650 _aHISTORY
942 _hV6, N9
_cTEXL
_2cc
999 _c931750
_d931750